|
|
|
|
| LEADER |
00897nab#a2200301#ar4500 |
| 001 |
000080949 |
| 003 |
SVKKK |
| 005 |
20061011093219.0 |
| 008 |
061011c2006 xo e slo |
| FMT |
|
|
|
| 038 |
|
|
|a SVKKK
|
| 040 |
|
|
|a SVKKK
|b slo
|e AACR2
|
| 041 |
0 |
|
|a slo
|
| 044 |
|
|
|a xo
|c SK
|
| 080 |
|
|
|a 316.754
|2 1997
|
| 080 |
|
|
|a 502.4(437.6):316.754
|2 1997
|
| 100 |
1 |
|
|a Husková, Viera
|4 aut
|
| 245 |
1 |
0 |
|a Nový zákon o posudzovaní vplyvov na životné prostredie
|c Viera Husková
|
| 300 |
|
|
|b Fotogr.
|
| 630 |
0 |
4 |
|a Zákon č. 24/2006 o posudzovaní vplyvov na životné prostredie a o zmene a doplnení niektorých zákonov
|z Bratislava (Slovensko)
|y 1.2.2006
|x nadobudnutie účinnosti
|
| 650 |
0 |
4 |
|a ochrana prírody
|
| 773 |
0 |
|
|t Enviromagazín
|x 1335-1877
|g Roč. 11, č.3 (2006), s. 10-12
|
| 974 |
|
|
|a MI
|
| 992 |
|
|
|a RBX
|
| BAS |
|
|
|
| 852 |
|
|
|a SVKKK
|b BIB
|
| EXP |
|
|
|
| 998 |
|
|
|a SLO
|